Statistics for Flags with Crescents

Click here to take the quiz!

General Stats

  • This quiz has been taken 38,586 times
    (36,862 since last reset)
  • The average score is 16 of 19

Answer Stats

Answer % Correct
Turkey
97%
Iran
96%
Pakistan
94%
Nepal
93%
Malaysia
91%
Croatia
89%
Algeria
88%
Turkmenistan
84%
Uzbekistan
84%
Tunisia
83%
Azerbaijan
81%
Singapore
81%
Brunei
78%
Libya
77%
Mongolia
75%
Moldova
73%
Maldives
69%
Mauritania
65%
Comoros
62%

Score Distribution

Percentile by Number Answered

Percent of People with Each Score

Your Score History

You have not taken this quiz since the last reset